000 00729nam a2200217Ii 4500
003 JO-AjNU
008 230605s9999||||xx |||||||||||||| ||und||
017 _a1992/1/46
040 _aJO-AjNU
_bara
_erda
_cJO-AjNU
041 _aara
050 1 4 _aBP165.M34 1982
100 3 _aمكرم، عبد العال سالم,
_eauthor
_910594
245 0 0 _aالفكر الإسلامي بين العقل والوحي وأثره في مستقبل الإسلام
250 _aط2
264 3 1 _aعمان: دار البشير للنشر، 1992
300 _a128ص
336 _atext
_btxt
_2rdacontent
337 _aunmediated
_bn
_2rdamedia
338 _avolume
_bnc
_2rdacarrier
650 4 _aالاسلام - العقل والوحي
_910595
999 _aA1886
_c5454
_d5454